[Event "47th GRE-chT 2019"]
[Site "Patra"]
[Date "2019.07.06"]
[Round "7.37"]
[White "Georgitsi, Sofia"]
[Black "Kiousi, Panagiota"]
[Result "0-1"]
[WhiteElo "1487"]
[BlackElo "1895"]
[Annotator "NA"]
[PlyCount "178"]
[EventDate "2019.07.02"]
[EventCountry "GRE"]
[SourceTitle "playchess.com"]
[Source "ChessBase"]
[SourceQuality "1"]
[TimeControl "5400+30"]

1. e4 {[%emt 0:07:02]} c5 {[%emt 0:00:00]} 2. Nf3 {[%emt 0:00:05]} d6 {[%emt 0:00:00]} 3. d4 {[%emt 0:00:06]} cxd4 {[%emt 0:00:00]} 4. Nxd4 {[%emt 0:00:05]} Nf6 {[%emt 0:00:00]} 5. Nc3 {[%emt 0:00:05]} a6 {[%emt 0:00:00]} 6. Be2 {[%emt 0:00:20]} e6 {[%emt 0:00:00]} 7. Be3 {[%emt 0:00:29]} Nbd7 {[%emt 0:00:18]} 8. O-O {[%emt 0:00:43]} Be7 {[%emt 0:00:16]} 9. f4 {[%emt 0:00:59]} O-O {[%emt 0:00:23]} 10. Bf3 {[%emt 0:00:40]} Qc7 {[%emt 0:00:12]} 11. Kh1 {[%emt 0:01:29]} Nc5 {[%emt 0:02:21]} 12. Qe2 {[%emt 0:03:07]} Rb8 {[%emt 0:01:28]} 13. g4 {[%emt 0:01:45]} b5 {[%emt 0:12:41]} 14. a3 {[%emt 0:00:42]} Bb7 {[%emt 0:05:06]} 15. Qg2 {[%emt 0:01:17]} Ne8 {[%emt 0:02:50]} 16. g5 {[%emt 0:08:07]} f5 {[%emt 0:11:01]} 17. h4 {[%emt 0:31:03]} fxe4 {[%emt 0:02:41]} 18. Nxe4 {[%emt 0:00:41]} e5 {[%emt 0:00:51]} 19. Nxc5 {[%emt 0:09:19]} exd4 {[%emt 0:09:33]} 20. Ne6 {[%emt 0:01:37]} Qc8 {[%emt 0:00:56]} 21. Bxb7 {[%emt 0:03:38]} Rxb7 {[%emt 0:00:50]} 22. Nxd4 {[%emt 0:02:14]} Kh8 {[%emt 0:01:50]} 23. c3 {[%emt 0:03:22]} d5 {[%emt 0:00:45]} 24. Kh2 {[%emt 0:01:27]} Bd6 {[%emt 0:02:24]} 25. Qxd5 {[%emt 0:06:21]} Re7 {[%emt 0:00:25]} 26. Qf3 {[%emt 0:01:37]} Qc4 {[%emt 0:02:16]} 27. Rad1 {[%emt 0:01:18]} Qc7 {[%emt 0:03:41]} 28. Kg3 {[%emt 0:00:45]} h6 {[%emt 0:01:37]} 29. Rde1 {[%emt 0:00:30]} Bc5 {[%emt 0:03:40]} 30. Bg1 {[%emt 0:02:09]} Rxf4 {[%emt 0:02:22]} 31. Qxf4 {[%emt 0:00:23]} Bd6 {[%emt 0:00:04]} 32. Rxe7 {[%emt 0:03:26]} Bxf4+ {[%emt 0:00:57]} 33. Rxf4 {[%emt 0:00:08]} Qxe7 {[%emt 0:00:05]} 34. Kg4 {[%emt 0:01:50]} Qd7+ {[%emt 0:01:03]} 35. Kg3 {[%emt 0:00:17]} Qe7 {[%emt 0:03:26]} 36. Kg4 {[%emt 0:00:26]} hxg5 {[%emt 0:01:06]} 37. hxg5 {[%emt 0:00:06]} g6 {[%emt 0:00:21]} 38. Bf2 {[%emt 0:00:39]} Ng7 {[%emt 0:01:23]} 39. Rf6 {[%emt 0:01:40]} Qd7+ {[%emt 0:00:09]} 40. Kh4 {[%emt 0:00:00]} Qd5 {[%emt 0:00:00]} 41. Bg3 {[%emt 0:00:00]} Qe4+ {[%emt 0:00:00]} 42. Kh3 {[%emt 0:00:00]} Qh1+ {[%emt 0:00:00]} 43. Kg4 {[%emt 0:00:00]} Qh5+ {[%emt 0:00:00]} 44. Kf4 {[%emt 0:00:00]} Qh3 {[%emt 0:00:00]} 45. Rf8+ {[%emt 0:00:00]} Kh7 {[%emt 0:00:00]} 46. Bf2 {[%emt 0:00:00]} Qf1 {[%emt 0:00:00]} 47. Ke3 {[%emt 0:00:00]} Qc1+ {[%emt 0:00:00]} 48. Kd3 {[%emt 0:00:00]} Qxg5 {[%emt 0:00:00]} 49. Be3 {[%emt 0:00:00]} Qd5 {[%emt 0:00:00]} 50. Rf6 {[%emt 0:00:07]} g5 {[%emt 0:00:00]} 51. Rxa6 {[%emt 0:01:52]} Nf5 {[%emt 0:00:00]} 52. Rb6 {[%emt 0:02:36]} Qc4+ {[%emt 0:00:00]} 53. Kd2 {[%emt 0:00:42]} Ng3 {[%emt 0:00:00]} 54. Bxg5 {[%emt 0:00:48]} Ne4+ {[%emt 0:00:00]} 55. Ke3 {[%emt 0:00:42]} Nxg5 {[%emt 0:00:00]} 56. Rxb5 {[%emt 0:00:11]} Nf7 {[%emt 0:00:00]} 57. Rb4 {[%emt 0:00:28]} Qc5 {[%emt 0:00:00]} 58. a4 {[%emt 0:00:32]} Nd6 {[%emt 0:00:00]} 59. Kd3 {[%emt 0:00:40]} Kg6 {[%emt 0:00:00]} 60. Nb5 {[%emt 0:00:46]} Nf5 {[%emt 0:01:36]} 61. b3 {[%emt 0:01:43]} Qd5+ {[%emt 0:03:30]} 62. Nd4 {[%emt 0:00:47]} Nd6 {[%emt 0:00:43]} 63. Rb6 {[%emt 0:01:10]} Kg5 {[%emt 0:07:14]} 64. Rb8 {[%emt 0:02:36]} Qe4+ {[%emt 0:02:26]} 65. Kd2 {[%emt 0:00:20]} Nc4+ {[%emt 0:00:14]} 66. bxc4 {[%emt 0:03:42]} Qf4+ {[%emt 0:00:06]} 67. Kc2 {[%emt 0:00:05]} Qxb8 {[%emt 0:00:05]} 68. Nb5 {[%emt 0:00:09]} Kf5 {[%emt 0:00:43]} 69. Kb3 {[%emt 0:00:18]} Ke4 {[%emt 0:01:08]} 70. Kb4 {[%emt 0:00:33]} Qf8+ {[%emt 0:01:53]} 71. c5 {[%emt 0:01:24]} Kd5 {[%emt 0:00:25]} 72. c4+ {[%emt 0:00:11]} Kc6 {[%emt 0:00:18]} 73. Nd4+ {[%emt 0:00:05]} Kb7 {[%emt 0:00:40]} 74. Kb5 {[%emt 0:00:33]} Qe8+ {[%emt 0:01:45]} 75. c6+ {[%emt 0:00:38]} Kc7 {[%emt 0:00:35]} 76. c5 {[%emt 0:00:39]} Qe4 {[%emt 0:01:09]} 77. Kc4 {[%emt 0:00:37]} Qb1 {[%emt 0:00:33]} 78. a5 {[%emt 0:00:53]} Qa2+ {[%emt 0:00:27]} 79. Kb4 {[%emt 0:00:15]} Qb2+ {[%emt 0:00:26]} 80. Kc4 {[%emt 0:00:28]} Qa1 {[%emt 0:01:29]} 81. Nb3 {[%emt 0:01:27]} Qa4+ {[%emt 0:01:28]} 82. Kc3 {[%emt 0:00:35]} Kxc6 {[%emt 0:00:15]} 83. Nd4+ {[%emt 0:00:08]} Kxc5 {[%emt 0:00:22]} 84. Nb3+ {[%emt 0:00:24]} Kd5 {[%emt 0:00:37]} 85. Kb2 {[%emt 0:00:33]} Kc4 {[%emt 0:00:25]} 86. Nd2+ {[%emt 0:00:25]} Kb4 {[%emt 0:00:26]} 87. Ne4 {[%emt 0:00:44]} Qxa5 {[%emt 0:00:41]} 88. Kc2 {[%emt 0:00:29]} Qd5 {[%emt 0:01:19]} 89. Nc3 {[%emt 0:00:23]} Qc4 {[%emt 0:00:08]} 0-1

[Event "47th GRE-chT 2019"]
[Site "Patra"]
[Date "2019.07.06"]
[Round "7.38"]
[White "Katopodis, Dimitrios"]
[Black "Korniotis, Filippos"]
[Result "1-0"]
[WhiteElo "2279"]
[BlackElo "2141"]
[Annotator "NA"]
[PlyCount "135"]
[EventDate "2019.07.02"]
[EventCountry "GRE"]
[SourceTitle "playchess.com"]
[Source "ChessBase"]
[SourceQuality "1"]
[TimeControl "5400+30"]

1. Nf3 {[%emt 0:00:54]} d5 {[%emt 0:00:05]} 2. g3 {[%emt 0:02:06]} Bf5 {[%emt 0:00:10]} 3. Bg2 {[%emt 0:00:38]} e6 {[%emt 0:01:03]} 4. d3 {[%emt 0:00:07]} Be7 {[%emt 0:07:04]} 5. c4 {[%emt 0:01:59]} c6 {[%emt 0:02:39]} 6. cxd5 {[%emt 0:00:56]} exd5 {[%emt 0:00:25]} 7. Nd4 {[%emt 0:01:24]} Bc8 {[%emt 0:03:57]} 8. e4 {[%emt 0:01:57]} Bf6 {[%emt 0:01:36]} 9. Ne2 {[%emt 0:01:50]} dxe4 {[%emt 0:00:28]} 10. dxe4 {[%emt 0:00:06]} Qxd1+ {[%emt 0:00:10]} 11. Kxd1 {[%emt 0:01:47]} Ne7 {[%emt 0:03:08]} 12. Nbc3 {[%emt 0:00:14]} O-O {[%emt 0:02:37]} 13. Be3 {[%emt 0:13:10]} Na6 {[%emt 0:03:41]} 14. a3 {[%emt 0:01:07]} Nc7 {[%emt 0:01:58]} 15. Kc2 {[%emt 0:02:02]} g6 {[%emt 0:08:10]} 16. Rad1 {[%emt 0:07:05]} Nb5 {[%emt 0:07:04]} 17. Nxb5 {[%emt 0:00:05]} cxb5 {[%emt 0:12:53]} 18. Bd4 {[%emt 0:00:38]} Bxd4 {[%emt 0:01:10]} 19. Nxd4 {[%emt 0:03:25]} Bd7 {[%emt 0:03:55]} 20. f4 {[%emt 0:09:05]} Rfd8 {[%emt 0:04:04]} 21. Bf3 {[%emt 0:01:30]} a6 {[%emt 0:08:03]} 22. b4 {[%emt 0:08:24]} a5 {[%emt 0:06:27]} 23. Kb3 {[%emt 0:04:57]} Nc6 {[%emt 0:03:24]} 24. Nxc6 {[%emt 0:02:37]} Bxc6 {[%emt 0:02:53]} 25. Rxd8+ {[%emt 0:00:04]} Rxd8 {[%emt 0:00:27]} 26. Rd1 {[%emt 0:00:06]} Re8 {[%emt 0:01:25]} 27. bxa5 {[%emt 0:00:05]} f5 {[%emt 0:00:57]} 28. Kb4 {[%emt 0:00:02]} fxe4 {[%emt 0:00:16]} 29. Be2 {[%emt 0:03:27]} e3 {[%emt 0:02:59]} 30. Kc5 {[%emt 0:04:04]} Rc8 {[%emt 0:01:59]} 31. Kb6 {[%emt 0:00:13]} Ra8 {[%emt 0:01:06]} 32. Rd3 {[%emt 0:00:36]} Ra6+ {[%emt 0:00:33]} 33. Kc5 {[%emt 0:00:09]} Rxa5 {[%emt 0:00:07]} 34. Rxe3 {[%emt 0:00:30]} Kf7 {[%emt 0:01:12]} 35. Bf3 {[%emt 0:01:27]} Ra6 {[%emt 0:02:38]} 36. Be2 {[%emt 0:00:16]} Ra5 {[%emt 0:02:38]} 37. Bd1 {[%emt 0:00:59]} Ra8 {[%emt 0:02:09]} 38. Bb3+ {[%emt 0:00:06]} Kf8 {[%emt 0:02:36]} 39. Bd5 {[%emt 0:00:07]} Ra6 {[%emt 0:00:00]} 40. Bf3 {[%emt 0:00:00]} Kf7 {[%emt 0:00:00]} 41. h4 {[%emt 0:00:00]} Ra4 {[%emt 0:00:00]} 42. Be2 {[%emt 0:00:00]} Ra5 {[%emt 0:00:00]} 43. Bd1 {[%emt 0:00:00]} Kf6 {[%emt 0:00:00]} 44. Bc2 {[%emt 0:00:00]} Ra8 {[%emt 0:00:00]} 45. g4 {[%emt 0:00:00]} Kf7 {[%emt 0:00:00]} 46. g5 {[%emt 0:00:00]} Rd8 {[%emt 0:00:00]} 47. Bb3+ {[%emt 0:00:00]} Kf8 {[%emt 0:00:00]} 48. Re6 {[%emt 0:00:00]} Rd3 {[%emt 0:00:00]} 49. Rf6+ {[%emt 0:00:00]} Ke8 {[%emt 0:00:00]} 50. Bg8 {[%emt 0:00:00]} Rd7 {[%emt 0:00:00]} 51. Rd6 {[%emt 0:00:00]} Rc7 {[%emt 0:00:00]} 52. Kb6 {[%emt 0:00:00]} Rg7 {[%emt 0:00:00]} 53. Bb3 {[%emt 0:00:00]} Ke7 {[%emt 0:00:00]} 54. Re6+ {[%emt 0:00:00]} Kf8 {[%emt 0:00:00]} 55. Rf6+ {[%emt 0:00:00]} Ke8 {[%emt 0:00:00]} 56. Be6 {[%emt 0:00:00]} Ke7 {[%emt 0:00:00]} 57. Kc5 {[%emt 0:00:15]} h6 {[%emt 0:00:00]} 58. gxh6 {[%emt 0:01:02]} Kxf6 {[%emt 0:00:00]} 59. hxg7 {[%emt 0:00:04]} Kxg7 {[%emt 0:00:00]} 60. Kb6 {[%emt 0:00:42]} Kh6 {[%emt 0:00:00]} 61. Bg4 {[%emt 0:01:47]} Kg7 {[%emt 0:00:00]} 62. Bc8 {[%emt 0:01:39]} Kf6 {[%emt 0:00:00]} 63. Bxb7 {[%emt 0:00:13]} Bd7 {[%emt 0:00:00]} 64. Be4 {[%emt 0:01:24]} Be8 {[%emt 0:00:00]} 65. Bd3 {[%emt 0:00:41]} b4 {[%emt 0:00:00]} 66. axb4 {[%emt 0:00:08]} Ba4 {[%emt 0:00:00]} 67. Kc5 {[%emt 0:00:04]} Bd1 {[%emt 0:00:00]} 68. Be4 {[%emt 0:00:58]} 1-0

[Event "47th GRE-chT 2019"]
[Site "Patra"]
[Date "2019.07.06"]
[Round "7.39"]
[White "Krallis, Christos"]
[Black "Abelakiotis, Stavros"]
[Result "1-0"]
[WhiteElo "2209"]
[BlackElo "1959"]
[Annotator "NA"]
[PlyCount "83"]
[EventDate "2019.07.02"]
[EventCountry "GRE"]
[SourceTitle "playchess.com"]
[Source "ChessBase"]
[SourceQuality "1"]
[TimeControl "5400+30"]

1. e4 {[%emt 0:01:06]} c5 {[%emt 0:00:00]} 2. Nf3 {[%emt 0:00:44]} Nc6 {[%emt 0:00:00]} 3. d4 {[%emt 0:00:04]} cxd4 {[%emt 0:00:00]} 4. Nxd4 {[%emt 0:00:07]} e6 {[%emt 0:00:06]} 5. Nc3 {[%emt 0:00:29]} Qc7 {[%emt 0:00:13]} 6. Nb3 {[%emt 0:02:09]} a6 {[%emt 0:00:25]} 7. Bd3 {[%emt 0:00:28]} b5 {[%emt 0:00:35]} 8. f4 {[%emt 0:00:32]} Bb7 {[%emt 0:00:29]} 9. Be3 {[%emt 0:01:22]} Nf6 {[%emt 0:02:19]} 10. O-O {[%emt 0:02:51]} d6 {[%emt 0:00:54]} 11. Qf3 {[%emt 0:00:36]} Be7 {[%emt 0:00:08]} 12. Qh3 {[%emt 0:00:38]} Nb4 {[%emt 0:00:46]} 13. g4 {[%emt 0:01:15]} h5 {[%emt 0:33:38]} 14. g5 {[%emt 0:02:30]} Ng4 {[%emt 0:00:38]} 15. Bd2 {[%emt 0:02:51]} Qb6+ {[%emt 0:08:10]} 16. Kg2 {[%emt 0:00:13]} d5 {[%emt 0:06:29]} 17. Qf3 {[%emt 0:01:06]} Rd8 {[%emt 0:12:42]} 18. Rae1 {[%emt 0:09:46]} Nxd3 {[%emt 0:05:56]} 19. cxd3 {[%emt 0:00:10]} dxe4 {[%emt 0:04:14]} 20. Nxe4 {[%emt 0:00:35]} f5 {[%emt 0:09:01]} 21. gxf6 {[%emt 0:00:31]} gxf6 {[%emt 0:00:41]} 22. Ba5 {[%emt 0:00:10]} Qc6 {[%emt 0:02:31]} 23. Bxd8 {[%emt 0:00:13]} Bxd8 {[%emt 0:00:47]} 24. Nd4 {[%emt 0:03:45]} Qb6 {[%emt 0:05:37]} 25. Nxe6 {[%emt 0:02:25]} Be7 {[%emt 0:00:24]} 26. f5 {[%emt 0:02:43]} Rg8 {[%emt 0:03:39]} 27. Kh1 {[%emt 0:00:42]} h4 {[%emt 0:02:21]} 28. h3 {[%emt 0:00:15]} Ne5 {[%emt 0:00:30]} 29. Qh5+ {[%emt 0:01:39]} Kd7 {[%emt 0:00:06]} 30. d4 {[%emt 0:01:35]} Nd3 {[%emt 0:01:08]} 31. Re3 {[%emt 0:00:39]} Bxe4+ {[%emt 0:00:32]} 32. Rxe4 {[%emt 0:00:06]} Qc6 {[%emt 0:00:25]} 33. d5 {[%emt 0:08:42]} Qxd5 {[%emt 0:00:35]} 34. Qf3 {[%emt 0:00:21]} Ne5 {[%emt 0:00:29]} 35. Qe3 {[%emt 0:02:03]} Nc6 {[%emt 0:00:30]} 36. Nf4 {[%emt 0:00:32]} Qxf5 {[%emt 0:00:29]} 37. Rd1+ {[%emt 0:00:20]} Kc8 {[%emt 0:00:30]} 38. Rxe7 {[%emt 0:00:58]} Nxe7 {[%emt 0:00:24]} 39. Qxe7 {[%emt 0:00:09]} Qxf4 {[%emt 0:00:37]} 40. Qe6+ {[%emt 0:00:00]} Kc7 {[%emt 0:00:00]} 41. Rd7+ {[%emt 0:00:00]} Kc8 {[%emt 0:00:00]} 42. Qc6+ {[%emt 0:00:00]} 1-0